None of the above : non-religious identity in the US and Canada

Պահպանված է:
Մատենագիտական մանրամասներ
Հիմնական հեղինակ: THIESSEN, Joel Wilkins-Laflame, Sarah
Ձևաչափ: Գիրք
Լեզու:անգլերեն
Հրապարակվել է: New York University 2020
Ցուցիչներ: Ավելացրեք ցուցիչ
Չկան պիտակներ, Եղեք առաջինը, ով նշում է այս գրառումը!

MARC

LEADER 00000nam a22000007a 4500
008 240220b |||||||| |||| 00| 0 eng d
020 |a 9781479864225 
100 |a THIESSEN, Joel  |a Wilkins-Laflame, Sarah 
245 |a None of the above  |b  : non-religious identity in the US and Canada  |c  / Joel Thiessen, Sarah Wilkins-Laflamme.  |e Secular studies  |g 259p 
260 |b New York University  |c 2020  |h New York  |i 700087  |i 700088  |l BL2760.T34  |m Atheism--United States.  |m Atheism--Canada.   |m Irreligion--United States.  |m Irreligion--Canada. 
500 |a it includes references and index 
942 |a lcc  |c BK  |e Johnson  |f 20/02/24 
952 |0 0  |1 0  |2 lcc  |4 0  |6 BL2760 T34  |7 0  |9 4852  |a ART  |b HOL  |c AF  |d 2024-02-20  |l 0  |o BL2760.T34  |p 2024-0105  |r 2024-02-20 00:00:00  |t 700087  |w 2024-02-20  |y BK 
952 |0 0  |1 0  |2 lcc  |4 0  |6 BL2760 T34  |7 0  |9 4853  |a HOL  |b HOL  |c AF  |d 2024-02-20  |l 0  |o BL2760.T34  |p 2024-0106  |r 2024-02-20 00:00:00  |t 700088  |w 2024-02-20  |y BK 
999 |c 2420  |d 2420